| 000 | 00531nam a2200181Ia 4500 | ||
|---|---|---|---|
| 008 | 220216s9999 xx 000 0 und d | ||
| 100 | _aRolim P R R | ||
| 245 | 0 | _aIncidence of Colletotrichum gloeosporioides in rubber tree latex (Hevea brasiliensis L.) | |
| 260 |
_bSumma Phytopathologica _c2001 |
||
| 300 | _a377-378 | ||
| 500 | _aSource Year: 2001 | ||
| 650 | _aColletotrichum gloeosporioides | ||
| 650 | _aHevea brasiliensis | ||
| 650 | _aRubber tree latex | ||
| 700 | _aKimati H | ||
| 856 | _uRPP.80(11) | ||
| 942 | _cJS | ||
| 999 |
_c60984 _d60984 |
||